000 00887nam a2200301 a 4500
003 AR-BaBNM
005 20251128203107.0
008 082120s2002 ||||||||||||||000 | spa||
040 _cAR-BaBNM
100 1 _aReyes, Alfonso
245 0 0 _aAntología de Alfonso Reyes
260 _aMéxico, D.F.
_bB. Costa-Amic, Editor
_c1965
300 _axxxi, 194 p.
_bil., láms.
490 0 _aPensamiento de América. Segunda
_vv. 1
500 _aContiene referencias biográficas y bibliográficas en p. 209
650 4 _aLITERATURA MEXICANA
650 4 _aLITERATURA LATINOAMERICANA
650 4 _aCRITICA LITERARIA
650 4 _aESTUDIOS CULTURALES
650 4 _aENSAYO
650 4 _aFILOSOFIA LITERARIA
650 4 _aANTOLOGIAS
655 _aLITERATURA
700 1 _aMartínez, José Luis
_ecompilador
800 1 _aPineda, Salvador
_edirector
942 _cBK
998 _cMARTIN
999 _c1857
_d1857